00371nam a22001337a 4500008004100000040005500041080001700096100002400113245001400137260004400151300001000195365001500205650001700220230510b |||||||| |||| 00| 0 eng d aNational Science LibrarycNational Science Library a808.3 bM0.1 aChakraborty, Ashit  aUkrainian aNew Delhi: bChhaya Chakraborty, c1980 a120p. b25.00cINR aLinguistics